000 00612nam a2200193Ia 4500
001 22548
003 GE_BSU
008 181216s||||||||xx |||||||||||||| ||und||
040 _cGE_BSU
245 _aეკონომიკა №4-5. 2018
245 _bმეცნიერება,პრაქტიკა,გამოცდილება.
245 _cმთ.რედ: რ.შენგელია
260 _aთბილისი
260 _c2018
300 _a291გვ. 22სმ..
653 _aეკონომიკა №4-5. 2018
653 _aპერიოდიკა
942 _cCR
999 _c55466
_d55466